01497cam a22003854i 4500003000900000005001700009008004100026035001900067040003300086082002100119245019200140264003800332300003900370336002100409337002500430338002300455500010500478505027300583526001000856526001000866526001000876526001000886526000800896526000800904526000800912526000800920526000800928526000800936526000800944650001300952650004000965700003101005700003701036710003801073PE-LiUPU20250731172920.0150617s r 000 0 d a(Sirsi) a19057 aPE-LiUPUbspacPE-LiUPUerda04a297.122bA1122103aEl Sagrado Corán :btraducción literal, íntegra y directa del original arabigo al español .. [Ahmed Abboud y Rafael Castellanos] /cLiga Islámica Mundial y El Centro Islámico. 1aBuenos Aires :b"El Nilo",c1980. a809 páginas ;c24 centímetros. atext2rdacontent aunmediated2rdamedia avolume2rdacarrier aOtra edición: 1952; traducción literal, íntegra y directa del original arábigo al español.0 aArabia -- La teología del Islam: Allah, Dios -- Muhammad el apóstol de Dios -- El Islam, la salvación -- Historia sagrada de los mensajeros de Dios mencionados en el sagrado Corán -- Los libros y lugares sagrados -- Compendio del contenido del sagrado Corán. aSEG42 aSEG41 aSEG40 aSEG39 aP94 aP87 aP86 aP85 aP77 aP76 aP3514aCorán.24aCoránxTraducciones al español.1 aAbboud, Ahmed,etraductor.1 aCastellanos, Rafael,etraductor.2 a.Asociacion Islámica del Perú